000 00365nam a2200109Ia 4500
008 171204s9999 xx 000 0 und d
245 _aIntroducing Communication Theory: Analysis and Application:
245 _cLynn Turner and Richard West
260 _c2017
650 _xINTRODUCTION TO COMMUNICATION THEORY
856 _uhttp://down.ebook777.com/060/1259870324.pdf
999 _c346082
_d346082